Catálogo - Centro de Recursos para el Aprendizaje y la Investigación
Volver al Sitio - CRAI Biblioteca| 000 -CABECERA | |
|---|---|
| campo de control de longitud fija | 01484nam a2200313 4500 |
| 001 - NÚMERO DE CONTROL | |
| campo de control | 113827 |
| 003 - IDENTIFICADOR DEL NÚMERO DE CONTROL | |
| campo de control | DR-UNIBE |
| 005 - FECHA Y HORA DE LA ÚLTIMA TRANSACCIÓN | |
| campo de control | 20250708152741.0 |
| 008 - DATOS DE LONGITUD FIJA--INFORMACIÓN GENERAL | |
| campo de control de longitud fija | 250703b2017 dr ||||| |||| 00| 0 spa d |
| 040 ## - FUENTE DE LA CATALOGACIÓN | |
| Centro catalogador/agencia de origen | BIBLIOTECA UNIBE |
| Lengua de catalogación | spa |
| Centro/agencia transcriptor | BIBLIOTECA UNIBE |
| Normas de descripción | rda |
| 041 ## - CÓDIGO DE LENGUA | |
| Código de lengua del texto/banda sonora o título independiente | spa |
| 082 ## - NÚMERO DE LA CLASIFICACIÓN DECIMAL DEWEY | |
| Número de edición | 22 |
| Número de clasificación | RD 372.357 R579n |
| 100 10 - ENTRADA PRINCIPAL--NOMBRE DE PERSONA | |
| Nombre de persona | Rincón Ozuna, Andrea Griselda |
| 9 (RLIN) | 197019 |
| Término indicativo de función/relación | autor |
| 100 10 - ENTRADA PRINCIPAL--NOMBRE DE PERSONA | |
| Nombre de persona | Vásquez Güichardo, Julia Mery |
| 9 (RLIN) | 197020 |
| Término indicativo de función/relación | autor |
| 245 10 - MENCIÓN DE TÍTULO | |
| Título | Naturales 2 / |
| Mención de responsabilidad, etc. | Andrea Griselda Rincón Ozuna, Julia Mery Váquez Güichardo |
| 260 ## - PUBLICACIÓN, DISTRIBUCIÓN, ETC. | |
| Lugar de publicación, distribución, etc. | Santo Domingo : |
| Nombre del editor, distribuidor, etc. | Editesa, |
| Fecha de publicación, distribución, etc. | 2017 |
| 300 ## - DESCRIPCIÓN FÍSICA | |
| Extensión | 102 páginas : |
| Otras características físicas | ilustraciones a color ; |
| Dimensiones | 27 x 21 cm |
| 490 ## - MENCIÓN DE SERIE | |
| Mención de serie | Ciencias de la Naturaleza ; |
| Designación de volumen o secuencia | 2 |
| 505 ## - NOTA DE CONTENIDO CON FORMATO | |
| Nota de contenido con formato | Presentación |<br/>Unidad 1: los alimentos y la vida |<br/>Unidad 2: el sol fuente de vida |<br/>Unidad 3: los materiales y sus cambios |<br/>Unidad 4: las máquinas y la vida |
| 650 #7 - PUNTO DE ACCESO ADICIONAL DE MATERIA--TÉRMINO DE MATERIA | |
| Fuente del encabezamiento o término | lemb |
| Término de materia o nombre geográfico como elemento de entrada | Ciencias naturales |
| Subdivisión general | Enseñanza |
| -- | Educación primaria |
| 9 (RLIN) | 197178 |
| 700 10 - PUNTO DE ACCESO ADICIONAL--NOMBRE DE PERSONA | |
| Nombre de persona | Rodríguez Rijo, Basilia |
| 9 (RLIN) | 197021 |
| Término indicativo de función/relación | corrector de estilo |
| 700 10 - PUNTO DE ACCESO ADICIONAL--NOMBRE DE PERSONA | |
| Nombre de persona | Rosa, María del Jesus de la |
| 9 (RLIN) | 197022 |
| Término indicativo de función/relación | director técnico |
| 700 10 - PUNTO DE ACCESO ADICIONAL--NOMBRE DE PERSONA | |
| Nombre de persona | Félix, Richard |
| 9 (RLIN) | 197023 |
| Término indicativo de función/relación | ilustrador |
| -- | diseñador de portada |
| 700 10 - PUNTO DE ACCESO ADICIONAL--NOMBRE DE PERSONA | |
| Nombre de persona | Brito, Braulio |
| 9 (RLIN) | 197024 |
| Término indicativo de función/relación | ilustrador |
| -- | diseñador de portada |
| 700 10 - PUNTO DE ACCESO ADICIONAL--NOMBRE DE PERSONA | |
| Nombre de persona | Castro, Adriana |
| 9 (RLIN) | 197025 |
| Término indicativo de función/relación | digitador |
| 700 10 - PUNTO DE ACCESO ADICIONAL--NOMBRE DE PERSONA | |
| Nombre de persona | Pérez de Paulino, Niurka |
| 9 (RLIN) | 197026 |
| Término indicativo de función/relación | diagramador |
| -- | diseñador gráfico |
| 700 10 - PUNTO DE ACCESO ADICIONAL--NOMBRE DE PERSONA | |
| Nombre de persona | López Genao, Cruz Altagracia |
| 9 (RLIN) | 53505 |
| Término indicativo de función/relación | diagramador |
| -- | diseñador gráfico |
| 942 ## - ELEMENTOS DE PUNTO DE ACCESO ADICIONAL (KOHA) | |
| Fuente del sistema de clasificación o colocación | Sistema de Clasificación Decimal Dewey |
| Tipo de ítem Koha | Libro (general) |
| Estado de retiro | Estado de pérdida | Fuente del sistema de clasificación o colocación | No para préstamo | Código de colección | Localización permanente | Fecha de adquisición | Total de préstamos | Signatura topográfica completa | Código de barras | Fecha visto por última vez | Número de copia | Precio válido a partir de | Tipo de ítem Koha |
|---|---|---|---|---|---|---|---|---|---|---|---|---|---|
| Disponible | Sistema de Clasificación Decimal Dewey | General - Libros dominicanos | Biblioteca Central UNIBE | 07/05/2025 | RD 372.357 R579n | 250697 | 03/07/2025 | Ej. 1 | 03/07/2025 | Libro (general) |